LEADER 01594nam a2200289 a 4500 001 000000133381 003 CaOOAMICUS 005 20130405111448.0 008 130405s2012 it 000 0 ita r 020 $a978-88-7961-112-1 040 $aPUL$bita 100 1 $aLilla, Salvatore,$d1936-$0(OLS)http://pul/name/9225 245 03$aIl silenzio nella filosofia greca (Presocratici - Platone - Giudeo-ellenismo - Ermetismo - Medioplatonismo - Oracoli caldaici - Neoplatonismo - Gnosticismo - Padri greci) :$bgalleria di ritratti e raccolta di testimonianze /$cSalvatore Lilla. 260 $aRoma :$bInstitutum Patristicum Augustinianum,$c2012. 300 $a180 p. ;$c24 cm. 490 1 $aStudia ephemeridis "Augustinianum" ;$v133 504 $aContiene riferimenti bibliografici (p. [157]-177) e indici. 650 4$aSilenzio (filosofia).$0(OLS)http://pul/subject/39478 830 0$aStudia ephemeridis Augustinianum ;$v133.$0(OLS)http://pul/title/713 850 $aPUL 852 $aPUL$W1$xSL Religione 1$y3$m21 A 133$j153293$qStampati$B152852$CPULBib$Z2$F152852 $H122083 $82 941 1 $a8 983 0$aSEA. 996 $6020$a978-88-7961-112-1$9(OLS)http://pul/number/152277 996 $6245$aIl silenzio nella filosofia greca (Presocratici - Platone - Giudeo-ellenismo - Ermetismo - Medioplatonismo - Oracoli caldaici - Neoplatonismo - Gnosticismo - Padri greci) :$bgalleria di ritratti e raccolta di testimonianze$9(OLS)http://pul/title/168555 996 $6260$aRoma :$bInstitutum Patristicum Augustinianum$9(OLS)http://pul/publisher/48165 LEADER 01302nam a2200265 a 4500 001 000000164956 003 CaOOAMICUS 005 20171214162428.0 008 171214s1991 it m u001 u eng d 032 $aLibriCat 040 $aPUL$bita 100 1 $aSuratman, Stephanus.$0(OLS)http://pul/name/106160 245 14$aThe role of the laity in a dynamic process of becoming a church as the Sacrament of Salvation : $bideal and reality in Indonesia / $cStephanus Suratman . 260 $aRoma :$b[s.n.],$c1991. 300 $a120 p. ;$c24 cm. 502 $aEstratto di Tesi-- Pontificia Universitā Urbaniana, Facoltā di Teologia. 1991. 504 $aBibliografia in nota a pič pagina. 650 04$aLaicitā.$0(OLS)http://pul/subject/38693 710 2 $aPontificia Universitā Urbaniana.$bFacoltā di teologia$kTesi.$0(OLS)http://pul/name/81495 850 $aPUL 852 $aPUL$W1$xDP1 Tesi Pon. Univ. Urbaniana$y49$mTH URB 217$j189180$qTesi$B192272$CPULBib$Z2$F192272 $H71630 $82 941 1 $a16 996 $6245$aThe role of the laity in a dynamic process of becoming a church as the Sacrament of Salvation : $bideal and reality in Indonesia / $9(OLS)http://pul/title/204646 996 $6260$aRoma :$b[s.n.]$9(OLS)http://pul/publisher/47958